I'm a little teapot ! (Record no. 7700)

MARC details
000 -LEADER
fixed length control field 00926nam a22002777a 4500
001 - CONTROL NUMBER
control field 7700
003 - CONTROL NUMBER IDENTIFIER
control field FISKH
005 - DATE AND TIME OF LATEST TRANSACTION
control field 20250731133335.0
008 - FIXED-LENGTH DATA ELEMENTS--GENERAL INFORMATION
fixed length control field 250731b cb ||||| |||| 00| 0 eng d
020 ## - INTERNATIONAL STANDARD BOOK NUMBER
International Standard Book Number 9781846431227
040 ## - CATALOGING SOURCE
Original cataloging agency FISKH
Language of cataloging eng
Transcribing agency FISKH
Modifying agency FISKH
050 ## - LIBRARY OF CONGRESS CALL NUMBER
Classification number PZ8.3 .I445
082 ## - DEWEY DECIMAL CLASSIFICATION NUMBER
Classification number 398.8
100 ## - MAIN ENTRY--PERSONAL NAME
Personal name Kubler, Annie
245 ## - TITLE STATEMENT
Title I'm a little teapot !
Statement of responsibility, etc. Illustrated by Annie Kubler
250 ## - EDITION STATEMENT
Edition statement This edition published in 2007
260 ## - PUBLICATION, DISTRIBUTION, ETC.
Place of publication, distribution, etc. Swindon :
Name of publisher, distributor, etc. Child's Play,
Date of publication, distribution, etc. 1939
300 ## - PHYSICAL DESCRIPTION
Extent 10 unnumbered pages :
Other physical details color illustrations ;
Dimensions 21 cm
505 ## - FORMATTED CONTENTS NOTE
Formatted contents note D<br/>
520 ## - SUMMARY, ETC.
Summary, etc. Presents the lyrics to the nursery rhyme along with illustrations featuring children acting out the motions indicated by the song. On board pages.<br/>
521 8# - TARGET AUDIENCE NOTE
Target audience note 160<br/>
Source Lexile estimate<br/>
521 8# - TARGET AUDIENCE NOTE
Target audience note D<br/>
Source Raz-Plus<br/>
650 ## - SUBJECT ADDED ENTRY--TOPICAL TERM
Topical term or geographic name entry element Children's Books
Form subdivision Board Book
General subdivision Nursery Rhymes
942 ## - ADDED ENTRY ELEMENTS (KOHA)
Source of classification or shelving scheme Dewey Decimal Classification
Koha item type Books
Suppress in OPAC No
Holdings
Withdrawn status Lost status Source of classification or shelving scheme Damaged status Not for loan Collection Home library Current library Shelving location Date acquired Total Checkouts Full call number Barcode Date last seen Copy number Price effective from Koha item type
    Dewey Decimal Classification     Juvenile Fiction Footprints International School Library Network Toul Kork Campus Footprints International School Library Network Toul Kork Campus TK Primary Library Room(4th Floor), Bookcase 7, Shelves 57-60, Dark Green Books 07/31/2025   KUB 398.8 PZ8.3 .I445 FISTK02644 07/31/2025 1 07/31/2025 Books